00253nam a2200109Ia 4500008004100000082001600041100001600057245003200073260001400105300000800119650001600127150301s2015 xx 000 0 und d a617.6bH07P aS.R. PRABHI aHIV AIDS IN DENTAL PRACTICE bDCI-INDIA a298 aOTHER BOOKS